Gaming Quiz

Random Gaming or Console Quiz

Video Game Quick Time Events Quiz Stats

 Plays Quiz not verified by Sporcle

Score 0/15 Timer 06:00
0 Plays Today
% Correct
God of War: Ghost of Sparta
92.7%
Assassin's Creed II
92.2%
Tomb Raider
88.2%
Resident Evil 4
83.2%
Uncharted: Drake's Fortune
80.1%
The Walking Dead
77%
Heavy Rain
76.4%
Far Cry 3
72.6%
% Correct
The Wolf Among Us
61.1%
Call of Duty: Advanced Warfare
56%
The Order: 1886
55.4%
Until Dawn
53.6%
Shenmue
46.2%
Beyond: Two Souls
46.1%
Fahrenheit
24.8%

You're not logged in!

Compare scores with friends on all Sporcle quizzes.
OR
Log In

Sporcle TV

Today on Sporcle TV


Watch our educational content, quiz creation guides, and fun videos on Sporcle TV.

Show Comments

Extras

Top Quizzes Today


Score Distribution

Your Account Isn't Verified!

In order to create a playlist on Sporcle, you need to verify the email address you used during registration. Go to your Sporcle Settings to finish the process.

Report this User

Report this user for behavior that violates our Community Guidelines.

Details: